| 000 | 00838nam a22002777a 4500 | ||
|---|---|---|---|
| 001 | 37353 | ||
| 003 | DO-SdBNP | ||
| 005 | 20241017112209.0 | ||
| 007 | 37353 | ||
| 008 | 890208s1987 sp spa | ||
| 020 | _a8440200552 | ||
| 040 |
_aBPMSU _bspa _cBPMSU |
||
| 082 | 4 |
_a843.8 _bV531J 1987 _222 |
|
| 100 | 1 |
_aVerne, Julio, _d1828-1905 |
|
| 245 | 1 | 0 |
_aJulio Verne : Familia sin nombre / _cJulio Verne ; traducción A. Jubera |
| 260 | 1 |
_aBarcelona : _bEdiciones Orbis, _c1987 |
|
| 300 |
_a v. : _bil. _c20 cm. |
||
| 490 | 0 |
_aJulio Verne, _v53 |
|
| 534 |
_pTítulo original _t en francés: Famille-sans-nom |
||
| 650 | 4 | _aNovela juvenil francesa | |
| 650 | 4 | _aLiteratura juvenil francesa | |
| 700 | 1 | _aJubera, A. | |
| 700 | 1 |
_aTiret-Bognet, Georges _d1855-1935 |
|
| 910 | _aVMateo V. Control de calidad BPMSU | ||
| 942 |
_2ddc _cBK |
||
| 999 |
_c8656 _d8656 |
||